Riconosci il Pokémon - Quiz n°340 - Statistics

Statistiche generali
  • Questo quiz è stato fatto 5 volte
  • Il punteggio medio è 5 su 10
Statistiche sulle risposte
Indizio Risposta % Corretto
Generazione Nona
100%
Tipo Psico
100%
Stadio evoluzione Forma Base
67%
Altezza 0,2 m
33%
Tasso di cattura 120 (24.9%)
33%
Peso 1,5 kg
33%
Sesso 50% ♂, 50% ♀
33%
Pokémon Flittle
33%
Tasso di allevamento Medio-Lento
33%
Abilità Presagio; Indagine; Acceleratore
33%
Nessun quiz corrispondente trovato
Distribuzione punteggi
Percentuale di utenti per punteggio
Percentile per numero di risposta
I tuoi punteggi nel tempo
Non hai fatto questo quiz